Odpisový plán

Enregistré dans:
Détails bibliographiques
Auteur principal: Harumová, Anna, 1955-
Format: Chapitre de livre
Langue:slovaque
Tags: Ajouter un tag
Pas de tags, Soyez le premier à ajouter un tag!

MARC

LEADER 00000naa$a2200000$$$4500
001 0089779
005 20240502072012.6
041 0 |a slo 
044 |a SK 
245 1 0 |a Odpisový plán  |c Anna Harumová 
100 1 |a Harumová, Anna, 1955-